Clic Batailles terrestres ou navales ? - Statistiques

Statistiques générales
  • Ce quiz a été pris 41 fois
  • Le résultat moyen est 28 sur 70
Statistiques - réponses
Hint Extra Hint Explanation Réponse % Correct
Azincourt 1415 Français contre Anglais Terrestre
97%
Crécy 1346 Français contre Anglais Terrestre
70%
Vérone 1805 Français contre Autrichiens Terrestre
68%
Vouillé 507 Francs contre Wisigoths Terrestre
65%
Patay 1429 Français contre Anglais Terrestre
57%
Bibracte 58 avt JC Romains contre Helvètes Terrestre
54%
Montgisard 1177 Francs contre Arabes Ayyoubides Terrestre
54%
Coulmiers 1870 Français contre Bavarois Terrestre
54%
Givenchy 1914 Britanniques, Canadiens et Indiens contre Allemands Terrestre
54%
Soissons 486 Francs contre Gallo-romains Terrestre
54%
Megalopolis 331 avt JC Macédoniens contre Spartiates Terrestre
51%
Schliengen 1796 Français contre Autrichiens Terrestre
51%
Passchendaele 1917 Britanniques, Français, Belges, Australiens, Canadiens, Indiens, Néo-Zélandais, Sud-Africains et Terre-Neuvas contre Allemands Terrestre
51%
Smolensk 1812 Russes contre Français Terrestre
51%
Auerstaedt 1806 Français contre Prussiens Terrestre
51%
Taillebourg 1242 Français contre Anglais Terrestre
51%
Tourcoing 1794 Français contre Saint-Empire et Anglais Terrestre
51%
Guise 1914 Français contre Allemands Terrestre
51%
Magenta 1859 Français et Piémontais contre Autrichiens Terrestre
51%
Rocroi 1643 Espagnols contre Français Terrestre
49%
Koufra 1941 Français libres contre Allemands Terrestre
49%
Rama 1105 Francs contre Arabes Fatimides Terrestre
49%
Messac 843 Francs contre Bretons Terrestre
49%
Héricourt 1474 Suisses contre Bourguignons Terrestre
49%
Thermopyles 480 avt JC Perses contre Grecs Terrestre
46%
Pelagosa 1811 Anglais contre Français Navale
43%
Avaricum 52 avt JC Romains contre Celtes Terrestre
43%
Dniepr 1943 Soviétiques contre Allemands Terrestre
43%
Les Saintes 1782 Anglais contre Français Navale
41%
L'Ecluse 1340 Anglais contre Français Navale
41%
Trafalgar 1805 Anglais contre Français Navale
41%
La Berre 737 Francs contre Arabes omeyyades Terrestre
41%
Lingones 298 Romains contre Alamans Terrestre
41%
Pitsounda 1853 Russes contre Turcs Navale
38%
Cissé 218 avt JC Romains contre Carthaginois Terrestre
38%
Fontarrabie 1638 Espagnols contre Français Terrestre
38%
Kerbala 2003 Américains contre irakiens Terrestre
38%
Malplaquet 1709 Français contre Autrichiens, Hollandais et Anglais Terrestre
38%
Ephèse 498 avt JC Perses contre Ioniens Terrestre
38%
Marathon 490 avt JC Athéniens contre Perses Terrestre
38%
Lagos 1693 Français contre Anglais et Hollandais Navale
35%
Peluse 525 avt JC Perses contre Egyptiens Terrestre
35%
Cannes 216 avt JC Carthaginois, Celtes, Numides et Ibères contre Romains Terrestre
35%
Fiesole 225 avt JC Celtes contre Romains Terrestre
35%
Syracuse 397 avt JC Syracyse contre Carthage Navale
32%
Antivari 1914 Français contre Austro-Hongrois Navale
32%
Inkerman 1854 Français et Anglais contre Russes Terrestre
32%
Texel 1694 Corsaires français contre Hollandais Navale
30%
Heligoland 1917 Anglais contre Allemands Navale
30%
Narvik 1940 Anglais contre Allemands Navale
30%
Marbella 1705 Anglais contre Français Navale
30%
Hellespont 324 Partisans de Constantin 1er contre partisans de Licinius Navale
30%
Fuzhou 1884 Français contre Chinois Terrestre
30%
Algésiras 1801 Anglais contre Français et Espagnols Navale
27%
Gravelines 1588 Anglais contre Espagnols Navale
27%
Getaria 1638 Français contre Espagnols Navale
27%
Bristol 1484 Corsaire français contre Anglais Navale
27%
Actium 31 avt JC Partisans d'Octave contre partisans de Marc Antoine Navale
27%
Ouessant 1778 Anglais contre Français Navale
27%
Zierikzee 1304 Français, Hollandais et Génois contre les Flamands Navale
24%
Damme 1213 Anglais contre Français Navale
24%
Boulogne 1545 Anglais contre Français Navale
22%
La Rochelle 1372 Français et Castillans contre Anglais Navale
22%
Aboukir 1798 Anglais contre Français Navale & Terrestre
22%
Ponza 1552 Français et Turcs contre Génois Navale
19%
Vizagapatam 1804 Anglais contre Français Navale
19%
Damiette 1973 Israéliens contre Egyptiens Navale
16%
Quimperlé 1342 Castillans contre Anglais Navale
16%
Casablanca 1942 Américains contre Français de Vichy Navale
16%
Ascalon 1123 Vénitiens contre Egyptiens Navale
11%
Aucun quiz correspondant
Distribution des résultats
% des personnes avec chaque résultat
Percentile par nombre de réponses
Votre historique - résultats
Vous n’avez pas pris ce quiz